• 首页
  • 本馆介绍
  • 公告通知
  • 最新文献
  • 馆藏检索
  • 电子资源
  • 读者导购
  • 参考咨询
  • 我的图书馆
  • 登录
  • 详细信息显示
  • 放入我的书架
  • 预约/预借图书
  • 作者相关作品
  • 分类相关作品
  • 丛书相关作品
  • 出版社相关作品

书目信息

  • 表格格式
  • 工作单格式
  • 卡片格式
题名:
三国演义人物绣像
    
 
作者: 崔君沛 绘
分册:  
出版信息: 西安   陕西人民美术出版社  1983
页数: 73页
开本: 26cm
丛书名:
单 册:
中图分类: J227
科图分类:
主题词: 绘画--中国
电子资源:
ISBN:
000 00534nam0 2200193 450
001 0660256733
005 20061115164656.43
010    @dCNY1.30
100    @a20061115d1983 km y0chiy0120 ea
101 0  @achi
102    @aCN@b610000
200 1  @a三国演义人物绣像@Asan guo yan yi ren wu xiu xiang@f崔君沛绘@Fcui jun pei hui
210    @a西安@c陕西人民美术出版社@d1983
215    @a73页@c影印@d26cm
606 0  @a绘画@x中国
690    @aJ227@v3
701  0 @a崔君沛@Acui jun pei@4绘
801  0 @aCN@bPFT@c20061115
905    @a10447@dJ227@e118
    
    三国演义人物绣像/崔君沛绘.-西安:陕西人民美术出版社,1983
    73页:影印;26cm
    
    
    ISBN :CNY1.30
    
●
相关链接 在E读中查询图书 在五车中查询图书 在当当中查询图书 在豆瓣中查询图书


正题名:三国演义人物绣像     索取号:J227/118         预约/预借

序号 登录号 条形码 馆藏地/架位号 状态 备注
1 0220361   000795704   第一样本阅览室/ [索取号:J227/118] 在馆    
唐山师范学院图书馆 欢迎您!
大连网信软件有限公司© 版权所有